000 nam a22 7a 4500
999 _c9966
_d9966
008 180209b ||||| |||| 00| 0 eng d
100 _aGraham, K
_96022
245 _aThe wind in the william
260 _aLondon
_bLadybird Publication
_c1994